Statistics for KPOP 2023 MV most viewed

Click here to take the quiz!

General Stats

  • This quiz has been taken 522 times
  • The average score is 18 of 50

Answer Stats

rankviewssong% Correct
1445M+Flower - Flower
77%
6164M+Super - Seventeen
77%
2311M+Seven - Jung Kook
(ft. Latto)
76%
3282M+Queencard - (G)I-DLE
75%
5196M+I Am - IVE
67%
9140M+Super Shy - Newjeans
66%
18111M+UNFORGIVEN - LE SSERAFIM
(ft. Nile Rodgers)
66%
7163M+S-Class - Stray KIds
65%
2589M+Bite Me - ENHYPEN
62%
3178M+Drama - aespa
60%
21104M+3D - Jung Kook
(ft. Jack Harlow)
59%
2394M+Set Me Free - TWICE
56%
3078M+LALALALA - Stray Kids
53%
4199M+OMG - Newjeans
53%
14123M+Spicy - aespa
51%
3567M+Standing Next To You -
Jung Kook
48%
4655M+ETA - Newjeans
47%
16117M+Like Crazy - JImin
46%
3271M+Fast Forward - Jeon Somi
40%
3371M+Cake - ITZY
39%
2879M+Love Me Like This - NMIXX
39%
12131M+Sugar Rush Ride - TXT
39%
17111M+Bouncy(K-HOT CHILLLI
PEPPERS) - ATEEZ
38%
20106M+Kitsch - IVE
35%
8156M+Cupid - FIFTY FIFTY
32%
19106M+MOONLIGHT SUNRISE - TWICE
31%
10137M+Batter Up - BABYMONSTER
30%
4853M+God Of Music - Seventeen
29%
2298M+You & Me - JENNIE
29%
15123M+Shoong! - Taeyang(ft. LISA)
28%
13128M+Set Me Free Pt.2 - JImin
26%
2490M+Allergy - (G)I-DLE
25%
3469M+Rover - KAI
24%
2779M+Eve, Psyche & The Bluebeard's
Wife - LE SSERAFIM
23%
11133M+Vibe - Taeyang(ft. Jimin)
23%
2979M+Slow Dancing - V
19%
4258M+ISTJ - NCT DREAM
18%
4158M+Party O'clock - NMIXX
18%
3864M+Better Things - aespa
17%
4952M+Teddy Bear - STAYC
17%
4059M+Back For More - TXT, Anitta
15%
5051M+on the street - j-hope(ft.J.Cole)
15%
4755M+Fighting - Seventeen
BSS(ft. Lee Young JI)
13%
3963M+BONA BONA - TREASURE
12%
3665M+Haegeum - Agust D
12%
2681M+Chasing That Feeling - TXT
8%
4356M+Dream - BABYMONSTER
6%
4455M+Move - TREASURE(T5)
6%
3764M+HEARTRIS - NiziU
2%
4555M+Hongdae R&B - BIBI
1%

Score Distribution

Percentile by Number Answered

Percent of People with Each Score

Your Score History

You have not taken this quiz